000 00200nam a2200085Ia 4500
008 120527s9999 xx 000 0 und d
100 _aROBERTS and ROSEN
245 _aInternational Reations
942 _cBK
999 _c25453
_d25453